Maḷavungē avurudu dā. (Record no. 78836)
[ view plain ]
| 000 -LEADER | |
|---|---|
| fixed length control field | 00571cam a22002291a 4500 |
| 001 - CONTROL NUMBER | |
| control field | sa 68002575 |
| 003 - CONTROL NUMBER IDENTIFIER | |
| control field | DLC |
| 005 - DATE AND TIME OF LATEST TRANSACTION | |
| control field | 20260227112444.0 |
| 008 - FIXED-LENGTH DATA ELEMENTS--GENERAL INFORMATION | |
| fixed length control field | 930429s1966 ce 000 1 sinr |
| 010 ## - LIBRARY OF CONGRESS CONTROL NUMBER | |
| LC control number | sa 68002575 |
| 025 ## - OVERSEAS ACQUISITION NUMBER | |
| Overseas acquisition number | PL480:C-102 |
| 035 ## - SYSTEM CONTROL NUMBER | |
| System control number | (OCoLC)28004711 |
| 040 ## - CATALOGING SOURCE | |
| Original cataloging agency | DLC |
| Transcribing agency | WaU |
| Modifying agency | WaU |
| -- | DLC |
| 042 ## - AUTHENTICATION CODE | |
| Authentication code | premarc |
| 050 00 - LIBRARY OF CONGRESS CALL NUMBER | |
| Classification number | PK2859.S2 |
| Item number | M3 1966 |
| 100 1# - MAIN ENTRY--PERSONAL NAME | |
| Personal name | Sarachchandra, Ediriweera R. |
| 245 10 - TITLE STATEMENT | |
| Title | Maḷavungē avurudu dā. |
| 260 ## - PUBLICATION, DISTRIBUTION, ETC. | |
| Place of publication, distribution, etc. | Koḷamba, |
| Date of publication, distribution, etc. | [1966] |
| 300 ## - PHYSICAL DESCRIPTION | |
| Extent | 111 p. ; |
| Dimensions | 22 cm. |
| 500 ## - GENERAL NOTE | |
| General note | In Sinhalese. |
| 500 ## - GENERAL NOTE | |
| General note | A novel. |
No items available.